000 00557nam a2200181Ia 4500
003 GCL
008 140319s9999 xx 000 0 ara d
040 _aGCL /
_cGCL
082 0 4 _a813.01
_bم ا
100 1 _aمجيد طوبيا
245 1 0 _aالايام التالية : قصص قصيرة /
_cمجيد طوبيا
300 _a154 ص
490 _aقصص مختارة
_v0
650 0 4 _aالقصص القصيرة
650 0 4 _aالقصص العربية القصيرة
650 0 4 _aالادب العربى - العصر الحديث
942 _2ddc
_cBK
999 _c39943
_d39943